000
00286nam a2200121Ia 4500
005
20251222143152.0
008
251222s9999||||xx |||||||||||||| ||spa||
082
_a
657.48/F43
100
_a
Ferrer Quea, Alejandro
245
0
_a
Flujos de Efectivo
264
_b
Ferrer Quea
942
_c
LIB
999
_c
12742
_d
12742